Countries with the Most Coronavirus Cases in Each Continent - Statistics

General Stats
  • This quiz has been taken 32 times
  • The average score is 26 of 30
Answer Stats
Continent # Cases Country % Correct
Asia 10.5 m India
100%
North America 23.1 m United States
100%
Europe 2.79 m France
96%
Africa 1.25 m South Africa
96%
South America 8.13 m Brazil
93%
North America 668 k Canada
93%
Africa 151 k Egypt
93%
Europe 2.29 m Italy
93%
North America 1.53 m Mexico
93%
Europe 3.43 m Russia
93%
Europe 3.12 m United Kingdom
93%
Oceania 28.6 k Australia
89%
South America 646 k Chile
89%
Oceania 2.22 k New Zealand
89%
South America 1.04 m Peru
89%
South America 1.73 m Argentina
85%
South America 1.80 m Colombia
85%
Oceania 53 Fiji
85%
Asia 837 k Indonesia
85%
Europe 2.11 m Spain
85%
Asia 1.29 m Iran
81%
Africa 453 k Morocco
81%
North America 281 k Panama
81%
Asia 2.34 m Turkey
81%
Oceania 819 Papua New Guinea
78%
North America 183 k Dominican Republic
74%
Oceania 17 Solomon Islands
74%
Africa 129 k Ethiopia
70%
Asia 604 k Iraq
70%
Africa 162 k Tunisia
67%
No matching quizzes found
Score Distribution
Percent of People with Each Score
Percentile by Number Answered
Your Score History
You have not taken this quiz